Locations in California by Image - Sudden Death - Statistics

General Stats
  • This quiz has been taken 38 times
  • The average score is 6 of 14
Answers on the Grid
Answers color-coded by a green-red scale on the quiz's grid according to % correct below.
 
Answer Stats
Answer % Correct
Golden Gate Bridge
San Francisco, CA
100%
Walk of Fame
Hollywood, CA
93%
Generals Highway
Sequoia National Park, CA
63%
Hollywood Sign
Hollywood, CA
43%
Lombard Street
San Francisco, CA
40%
Alcatraz Island
San Francisco, CA
40%
Joshua Tree National Park, CA
30%
Painted Ladies
San Francisco, CA
30%
Angel Stadium
Anaheim, CA
30%
Napa Valley Wine Country
Napa, CA
27%
Griffith Observatory
Los Angeles, CA
23%
Rose Bowl
Pasadena, CA
23%
El Capitan
Yosemite National Park, CA
17%
Mount Shasta
Siskiyou County, CA
7%
No matching quizzes found
Score Distribution
Percent of People with Each Score
Percentile by Number Answered
Your Score History
You have not taken this quiz